NCAAM Basketball Logo Quiz: SEC - Statistics

General Stats
  • This quiz has been taken 397 times
    218 since last reset
  • The average score is 15 of 16
Answer Stats
Picture Answer % Correct
Alabama
99%
Florida
99%
Kentucky
99%
Texas
99%
Arkansas
98%
LSU
98%
Tennessee
98%
Auburn
97%
Georgia
97%
Oklahoma
97%
Texas A&M
96%
Vanderbilt
96%
Mississippi St.
95%
South Carolina
93%
Ole Miss
92%
Missouri
91%
No matching quizzes found
Score Distribution
Percent of People with Each Score
Percentile by Number Answered
Your Score History
You have not taken this quiz since the last reset